| 000 | 00414 a2200157 i 4500 | ||
|---|---|---|---|
| 001 | 205567 | ||
| 003 | 58852 | ||
| 010 | _a966-7996-40-7 | ||
| 090 | _a205567 | ||
| 100 | _a u||y y50 zz | ||
| 200 |
_aСпіваник _fупор. Ю. Леськів |
||
| 210 |
_d2002 _aДрогобич _cКоло |
||
| 215 |
_a112 с. __112 _cіл., ноти |
||
| 675 | _a784 | ||
| 942 |
_2udc _cBOOK _j784 _z58852 |
||
| 999 |
_c58852 _d58852 |
||